[Event "Monarch Assurance Isle of Man 6th"]
[Site "Port Erin IOM"]
[Date "1997.10.07"]
[Round "4"]
[White "Baburin, Alexander"]
[Black "Agnos, Demetrios"]
[Result "1-0"]
[WhiteElo "2570"]
[BlackElo "2515"]
[PlyCount "69"]
[EventDate "1997.10.04"]
[EventType "swiss"]
[EventRounds "9"]
[EventCountry "IOM"]

1. d4 Nf6 2. Nf3 c5 3. d5 b5 4. Bg5 d6 5. Bxf6 exf6 6. e4 a6 7. a4 b4 8. Nbd2
g6 9. Nc4 Bg7 10. Bd3 O-O 11. O-O a5 12. Qd2 Ba6 13. c3 Bxc4 14. Bxc4 Nd7 15.
Bb5 Ne5 16. Ne1 f5 17. exf5 gxf5 18. Rc1 Ra7 19. h3 Qh4 20. f4 Bh6 21. Qf2
Qxf2+ 22. Rxf2 Nd7 23. Nc2 Re8 24. g3 b3 25. Na3 Re3 26. Kg2 Nb6 27. Nc4 Nxc4
28. Bxc4 Rb7 29. Re2 Rxe2+ 30. Bxe2 Kg7 31. Bd3 Kf6 32. Re1 Rb8 33. Bb5 Bg7 34.
Kf3 Kg6 35. Ke3 1-0

[Event "Monarch Assurance Isle of Man 6th"]
[Site "Port Erin IOM"]
[Date "1997.10.07"]
[Round "4"]
[White "Cooper, Lawrence"]
[Black "Hebden, Mark"]
[Result "1/2-1/2"]
[WhiteElo "2330"]
[BlackElo "2575"]
[PlyCount "101"]
[EventDate "1997.10.04"]
[EventType "swiss"]
[EventRounds "9"]
[EventCountry "IOM"]

1. e4 e5 2. Nf3 Nc6 3. Bc4 Nf6 4. d3 Be7 5. O-O O-O 6. Re1 d6 7. c3 Na5 8. Bb5
a6 9. Ba4 b5 10. Bc2 c5 11. Nbd2 Re8 12. Nf1 g6 13. a3 c4 14. d4 Bb7 15. Ng3
Bf8 16. h3 Bg7 17. Be3 exd4 18. Bxd4 Nc6 19. Be3 Qc7 20. Qd2 Ne5 21. Nxe5 dxe5
22. f3 Nd7 23. Nh1 Nc5 24. Nf2 Ne6 25. g3 h5 26. h4 Rad8 27. Qe2 Rf8 28. Rad1
Rxd1 29. Rxd1 f5 30. exf5 gxf5 31. Nh3 Qc6 32. Rf1 Nd4 33. cxd4 exd4 34. Bf4 d3
35. Bxd3 cxd3 36. Qxd3 Qd5 37. Qxd5+ Bxd5 38. b4 Rc8 39. Rc1 Rxc1+ 40. Bxc1
Bxf3 41. Kf2 Bd5 42. Nf4 Bf7 43. Nd3 Bd4+ 44. Be3 Bc3 45. Bf4 Bd4+ 46. Be3 Bf6
47. Bg5 Bg7 48. Bc1 Be8 49. Bb2 Bf8 50. Nc5 Be7 51. Nd3 1/2-1/2

[Event "Monarch Assurance Isle of Man 6th"]
[Site "Port Erin IOM"]
[Date "1997.10.07"]
[Round "4"]
[White "David, Alberto"]
[Black "Coleman, David"]
[Result "1-0"]
[WhiteElo "2455"]
[BlackElo "2230"]
[PlyCount "61"]
[EventDate "1997.10.04"]
[EventType "swiss"]
[EventRounds "9"]
[EventCountry "IOM"]

1. e4 c5 2. Nf3 d6 3. d4 cxd4 4. Qxd4 a6 5. c4 Nc6 6. Qd1 Bg4 7. Be2 g6 8. Nc3
Bg7 9. Bd2 Nf6 10. O-O O-O 11. Rc1 Nd7 12. Be3 Qa5 13. a3 Rfc8 14. h3 Bxf3 15.
Bxf3 Nce5 16. Nd5 Nxf3+ 17. Qxf3 Qd8 18. Bg5 f6 19. Bd2 e6 20. Nf4 Qe7 21. Rfe1
Rc7 22. b3 a5 23. b4 b6 24. e5 Re8 25. Nd5 exd5 26. exd6 Qxd6 27. Rxe8+ Bf8 28.
Bh6 axb4 29. axb4 Rxc4 30. Rxc4 dxc4 31. Qb7 1-0

[Event "Monarch Assurance Isle of Man 6th"]
[Site "Port Erin IOM"]
[Date "1997.10.07"]
[Round "4"]
[White "Gallagher, Joe"]
[Black "Buckley, Graeme"]
[Result "1-0"]
[WhiteElo "2545"]
[BlackElo "2380"]
[PlyCount "77"]
[EventDate "1997.10.04"]
[EventType "swiss"]
[EventRounds "9"]
[EventCountry "IOM"]

1. e4 c5 2. Nf3 e6 3. d4 cxd4 4. Nxd4 Nf6 5. Nc3 d6 6. g4 Nc6 7. g5 Nd7 8. Be3
a6 9. h4 Be7 10. Qh5 Nxd4 11. Bxd4 O-O 12. O-O-O b5 13. e5 dxe5 14. Bxe5 g6 15.
Qe2 Bb7 16. Rh3 Qc8 17. Bd6 Bxd6 18. Rxd6 Qc7 19. Rd4 e5 20. Rd2 f5 21. h5 Nb6
22. hxg6 hxg6 23. f4 Rad8 24. Qh2 Qg7 25. Rxd8 Rxd8 26. fxe5 Re8 27. Rh6 Rxe5
28. Qd2 Nd7 29. a4 Nf8 30. axb5 axb5 31. Bxb5 Qe7 32. Kb1 Re1+ 33. Ka2 Qe6+ 34.
b3 Qe5 35. Qd8 Kg7 36. Rh8 Qe7 37. Rxf8 Qxf8 38. Qd4+ Kf7 39. Qf6+ 1-0

[Event "Monarch Assurance Isle of Man 6th"]
[Site "Port Erin IOM"]
[Date "1997.10.07"]
[Round "4"]
[White "Lalic, Bogdan"]
[Black "Van den Doel, Erik"]
[Result "1-0"]
[WhiteElo "2600"]
[BlackElo "2430"]
[PlyCount "75"]
[EventDate "1997.10.04"]
[EventType "swiss"]
[EventRounds "9"]
[EventCountry "IOM"]

1. c4 g6 2. d4 Bg7 3. e4 d6 4. Nc3 Nf6 5. h3 O-O 6. Bg5 a6 7. Nf3 c5 8. d5 b5
9. Bd3 e6 10. O-O h6 11. Bxf6 Bxf6 12. cxb5 axb5 13. Bxb5 exd5 14. Qxd5 Qa5 15.
a4 Rd8 16. Rad1 Kg7 17. e5 dxe5 18. Qxc5 Na6 19. Qe3 Rxd1 20. Rxd1 Nc7 21. Nxe5
Nxb5 22. axb5 Be6 23. Nd7 Bxd7 24. Rxd7 Qa1+ 25. Nd1 Qa4 26. Qd3 Ra7 27. Rxa7
Qxa7 28. g4 Qa5 29. b3 Qb4 30. Ne3 Be5 31. Nd5 Qe1+ 32. Kg2 Bd6 33. Qc3+ Qxc3
34. Nxc3 Be5 35. Nd5 Kf8 36. b6 Ke8 37. b7 Kd7 38. Nb4 1-0

[Event "Monarch Assurance Isle of Man 6th"]
[Site "Port Erin IOM"]
[Date "1997.10.07"]
[Round "4"]
[White "Ledger, Andrew"]
[Black "Donaldson, John W"]
[Result "1/2-1/2"]
[WhiteElo "2415"]
[BlackElo "2405"]
[PlyCount "38"]
[EventDate "1997.10.04"]
[EventType "swiss"]
[EventRounds "9"]
[EventCountry "IOM"]

1. e4 c5 2. Nc3 Nc6 3. g3 g6 4. d3 Bg7 5. Be3 d6 6. Qd2 Rb8 7. Bg2 b5 8. Nge2
b4 9. Nd1 e5 10. O-O Nd4 11. Nc1 Ne7 12. c3 bxc3 13. bxc3 Ne6 14. Bh6 O-O 15.
Bxg7 Kxg7 16. Ne3 f5 17. exf5 Nxf5 18. Ne2 Nxe3 19. Qxe3 Qg5 1/2-1/2

[Event "Monarch Assurance Isle of Man 6th"]
[Site "Port Erin IOM"]
[Date "1997.10.07"]
[Round "4"]
[White "Rice, Chris"]
[Black "Rausis, Igors"]
[Result "0-1"]
[WhiteElo "2095"]
[BlackElo "2490"]
[PlyCount "104"]
[EventDate "1997.10.04"]
[EventType "swiss"]
[EventRounds "9"]
[EventCountry "IOM"]

1. d4 d5 2. c3 Nf6 3. Nf3 Bg4 4. Bf4 Nbd7 5. Nbd2 Nh5 6. e3 Nxf4 7. exf4 e6 8.
Be2 Be7 9. O-O O-O 10. Ne5 Bf5 11. Ndf3 c5 12. Nxd7 Qxd7 13. Ne5 Qc7 14. dxc5
Bxc5 15. Bd3 Bxd3 16. Nxd3 Bd6 17. Qf3 Rac8 18. Rfe1 Rfd8 19. g3 g6 20. Re2 Bf8
21. Ne5 b5 22. Rd1 Bg7 23. Re3 a5 24. a3 Qb6 25. Re2 Rc7 26. Kg2 Rdc8 27. Red2
Bxe5 28. fxe5 Rc4 29. Rd4 b4 30. axb4 axb4 31. Rxc4 Rxc4 32. Re1 bxc3 33. bxc3
Qc6 34. Re3 Qc7 35. h4 h5 36. Kh2 Qa5 37. Kg2 Qc5 38. Kh2 Qa3 39. Kg2 Qb2 40.
Kg1 Qb1+ 41. Kg2 Ra4 42. Kh2 Ra1 43. Kh3 Qf1+ 44. Qg2 Qd1 45. Kh2 Rc1 46. Kh3
Rc2 47. Qf3 Qf1+ 48. Qg2 Qxf2 49. Qxf2 Rxf2 50. g4 Rf4 51. gxh5 gxh5 52. Rg3+
Kh7 0-1

[Event "Monarch Assurance Isle of Man 6th"]
[Site "Port Erin IOM"]
[Date "1997.10.07"]
[Round "4"]
[White "Ward, Chris"]
[Black "Emms, John"]
[Result "1/2-1/2"]
[WhiteElo "2485"]
[BlackElo "2535"]
[PlyCount "36"]
[EventDate "1997.10.04"]
[EventType "swiss"]
[EventRounds "9"]
[EventCountry "IOM"]

1. e4 c6 2. d4 d5 3. e5 c5 4. dxc5 Nc6 5. Bb5 e6 6. Nf3 Bxc5 7. O-O Nge7 8. a3
Bd7 9. b4 Bb6 10. Bd3 Ng6 11. Bb2 Nf4 12. Re1 Nxd3 13. Qxd3 O-O 14. Nbd2 Ne7
15. Nb3 Ba4 16. Nbd4 h6 17. h4 Rc8 18. c3 Qd7 1/2-1/2

[Event "Monarch Assurance Isle of Man 6th"]
[Site "Port Erin IOM"]
[Date "1997.10.08"]
[Round "5"]
[White "Agnos, Demetrios"]
[Black "Cooper, Lawrence"]
[Result "1/2-1/2"]
[WhiteElo "2515"]
[BlackElo "2330"]
[PlyCount "43"]
[EventDate "1997.10.04"]
[EventType "swiss"]
[EventRounds "9"]
[EventCountry "IOM"]

1. e4 e5 2. Nf3 Nc6 3. Nc3 Nf6 4. d4 exd4 5. Nd5 Be7 6. Bc4 O-O 7. O-O d6 8.
Nxd4 Nxd4 9. Qxd4 Nxd5 10. Bxd5 Bf6 11. Qd3 Rb8 12. c3 Qe7 13. Be3 a6 14. Bb3
Bd7 15. Bc2 g6 16. Rad1 Bb5 17. c4 Bc6 18. Bc1 a5 19. a4 b6 20. f4 Rbe8 21.
Rde1 Bg7 22. f5 1/2-1/2

[Event "Monarch Assurance Isle of Man 6th"]
[Site "Port Erin IOM"]
[Date "1997.10.08"]
[Round "5"]
[White "Buckley, Graeme"]
[Black "Campbell, Eoin"]
[Result "1/2-1/2"]
[WhiteElo "2380"]
[BlackElo "2050"]
[PlyCount "77"]
[EventDate "1997.10.04"]
[EventType "swiss"]
[EventRounds "9"]
[EventCountry "IOM"]

1. d4 d5 2. c4 c6 3. Nf3 Nf6 4. e3 Bf5 5. Bd3 Bxd3 6. Qxd3 e6 7. O-O Be7 8.
Nbd2 Nbd7 9. b3 O-O 10. Bb2 a5 11. Rad1 a4 12. e4 dxe4 13. Nxe4 Nxe4 14. Qxe4
axb3 15. axb3 Nf6 16. Qc2 Ra2 17. Ra1 Rxa1 18. Rxa1 Qc7 19. Qc3 Rb8 20. h3 h6
21. Ne5 Nd7 22. Nxd7 Qxd7 23. d5 Bf8 24. Qe5 Rd8 25. dxe6 Qxe6 26. Qxe6 fxe6
27. Be5 Bc5 28. Bc3 Rd3 29. Rc1 Ba3 30. Rc2 Rd1+ 31. Kh2 Rb1 32. Be5 Rxb3 33.
Rd2 Bf8 34. g4 b5 35. Kg2 bxc4 36. Rd4 Rb5 37. f4 c3 38. Rc4 Rc5 39. Rxc3
1/2-1/2

[Event "Monarch Assurance Isle of Man 6th"]
[Site "Port Erin IOM"]
[Date "1997.10.08"]
[Round "5"]
[White "Ledger, Andrew"]
[Black "Coathup, Roger"]
[Result "1-0"]
[WhiteElo "2415"]
[BlackElo "2120"]
[PlyCount "63"]
[EventDate "1997.10.04"]
[EventType "swiss"]
[EventRounds "9"]
[EventCountry "IOM"]

1. e4 c5 2. Nf3 e6 3. d3 Nc6 4. g3 d5 5. Nbd2 g6 6. Bg2 Bg7 7. O-O Nge7 8. c3
O-O 9. Re1 Qc7 10. Qe2 b6 11. Nf1 Ba6 12. e5 h6 13. h4 f5 14. exf6 Rxf6 15. Bf4
Rxf4 16. gxf4 Qxf4 17. Qxe6+ Kh7 18. Rad1 Rf8 19. Qe3 Qf7 20. d4 cxd4 21. Nxd4
Nxd4 22. cxd4 Nf5 23. Qf4 g5 24. hxg5 hxg5 25. Qh2+ Kg8 26. Rd2 Nxd4 27. Qd6
Bb7 28. Re7 Qh5 29. Rxb7 Ne2+ 30. Rxe2 Qxe2 31. Bxd5+ Kh8 32. Qh2+ 1-0

[Event "Monarch Assurance Isle of Man 6th"]
[Site "Port Erin IOM"]
[Date "1997.10.08"]
[Round "5"]
[White "Sadler, Matthew"]
[Black "Baburin, Alexander"]
[Result "1/2-1/2"]
[WhiteElo "2665"]
[BlackElo "2570"]
[PlyCount "43"]
[EventDate "1997.10.04"]
[EventType "swiss"]
[EventRounds "9"]
[EventCountry "IOM"]

1. d4 d5 2. c4 e6 3. Nc3 Be7 4. cxd5 exd5 5. Bf4 c6 6. e3 Bf5 7. Nge2 Nd7 8.
Ng3 Bg6 9. Be2 Qb6 10. Qd2 h5 11. h4 Ngf6 12. a3 a5 13. Rc1 Qd8 14. Qd1 Kf8 15.
Bf3 Kg8 16. O-O Kf8 17. Qb3 Ra7 18. e4 a4 19. Qd1 dxe4 20. Ngxe4 Nxe4 21. Nxe4
Bxh4 22. d5 1/2-1/2

[Event "Monarch Assurance Isle of Man 6th"]
[Site "Port Erin IOM"]
[Date "1997.10.09"]
[Round "6"]
[White "Baburin, Alexander"]
[Black "Hebden, Mark"]
[Result "1-0"]
[WhiteElo "2570"]
[BlackElo "2575"]
[PlyCount "79"]
[EventDate "1997.10.04"]
[EventType "swiss"]
[EventRounds "9"]
[EventCountry "IOM"]

1. d4 Nf6 2. Nf3 g6 3. g3 Bg7 4. Bg2 O-O 5. c4 d6 6. O-O Nc6 7. Nc3 Rb8 8. Re1
a6 9. Rb1 Bg4 10. d5 Na5 11. Qd3 c5 12. h3 Bd7 13. e4 b5 14. b3 e5 15. cxb5
axb5 16. b4 cxb4 17. Rxb4 Nc4 18. Nd2 Qa5 19. Qb1 Na3 20. Bxa3 Qxa3 21. Nxb5
Bxb5 22. Rxb5 Rxb5 23. Qxb5 Rc8 24. Qb3 Qa5 25. Rd1 Bh6 26. Nc4 Qa6 27. Bf1 Ra8
28. Nb6 Qxa2 29. Qf3 Re8 30. Nc4 Kg7 31. Nxd6 Rb8 32. Qc3 Rd8 33. Ra1 Qd2 34.
Qxe5 Rxd6 35. Qxd6 Qd4 36. Ra8 Nxe4 37. Qf8+ Kf6 38. Ra6+ Kg5 39. Qxf7 Nxg3 40.
Qxh7 1-0

[Event "Monarch Assurance Isle of Man 6th"]
[Site "Port Erin IOM"]
[Date "1997.10.09"]
[Round "6"]
[White "Coathup, Roger"]
[Black "Van den Doel, Erik"]
[Result "0-1"]
[WhiteElo "2120"]
[BlackElo "2430"]
[PlyCount "86"]
[EventDate "1997.10.04"]
[EventType "swiss"]
[EventRounds "9"]
[EventCountry "IOM"]

1. d4 Nf6 2. c4 g6 3. Nc3 Bg7 4. e4 d6 5. Be2 O-O 6. Bg5 h6 7. Be3 c5 8. d5 b5
9. cxb5 a6 10. Qd2 Kh7 11. f3 Qa5 12. bxa6 Nbd7 13. Nb5 Qxd2+ 14. Bxd2 Ne8 15.
Bc3 Bxa6 16. Bxg7 Kxg7 17. Nh3 Rb8 18. a4 Ne5 19. f4 Nd7 20. g4 Ndf6 21. Nf2
Bxb5 22. axb5 Nc7 23. Ra5 Rb7 24. Kd2 Rfb8 25. b4 cxb4 26. Rb1 Nxb5 27. Rxb4
Nc7 28. Rxb7 Rxb7 29. Ra4 g5 30. fxg5 hxg5 31. Nd1 Nd7 32. Ne3 Nc5 33. Nf5+ Kf6
34. Rc4 Ne8 35. h4 Ke5 36. hxg5 Nxe4+ 37. Kc2 Nxg5 38. Rc8 Nf6 39. Nh6 Nxd5 40.
Rf8 e6 41. Rg8 f6 42. Ra8 Rh7 43. Ng8 Rh2 0-1

[Event "Monarch Assurance Isle of Man 6th"]
[Site "Port Erin IOM"]
[Date "1997.10.09"]
[Round "6"]
[White "Cooper, Lawrence"]
[Black "Ledger, Andrew"]
[Result "0-1"]
[WhiteElo "2330"]
[BlackElo "2415"]
[PlyCount "124"]
[EventDate "1997.10.04"]
[EventType "swiss"]
[EventRounds "9"]
[EventCountry "IOM"]

1. e4 c6 2. d4 d5 3. exd5 cxd5 4. c4 Nf6 5. Nc3 e6 6. a3 dxc4 7. Bxc4 a6 8. Nf3
b5 9. Bb3 Bb7 10. O-O Be7 11. Bg5 O-O 12. Re1 Nc6 13. Qd3 b4 14. Bc2 g6 15. Na4
Nd5 16. Bh6 Re8 17. Nc5 Qb6 18. Nxb7 Qxb7 19. Ne5 Red8 20. Qf3 Bf6 21. Rad1
bxa3 22. Qxa3 Be7 23. Qb3 Qxb3 24. Bxb3 Na5 25. Ba4 Rab8 26. Bd2 Bb4 27. g3
Bxd2 28. Rxd2 Nb6 29. Ra1 Nbc4 30. Rc2 Rxd4 31. Nc6 Nxc6 32. Bxc6 Rb6 33. Bf3
Nxb2 34. Be2 Ra4 35. Rb1 Nc4 36. Rxb6 Nxb6 37. Rc6 Nd5 38. Rxa6 Rxa6 39. Bxa6
Kg7 40. h4 e5 41. Bc4 Ne7 42. Kf1 f5 43. Ke2 Kf6 44. Ke3 Nc6 45. Bd5 Nd8 46.
Bb3 Ne6 47. Bc4 h6 48. Ba2 Ng7 49. Bb3 Nh5 50. Bc2 f4+ 51. Kf3 fxg3 52. fxg3
Ng7 53. Bb1 Ne8 54. Bc2 Nd6 55. Bb1 g5 56. Kg4 Nc4 57. hxg5+ hxg5 58. Ba2 Nd2
59. Bd5 e4 60. Bc4 e3 61. Bb5 Nb3 62. Ba6 Nd4 0-1

[Event "Monarch Assurance Isle of Man 6th"]
[Site "Port Erin IOM"]
[Date "1997.10.09"]
[Round "6"]
[White "Gallagher, Joe"]
[Black "Rausis, Igors"]
[Result "0-1"]
[WhiteElo "2545"]
[BlackElo "2490"]
[PlyCount "88"]
[EventDate "1997.10.04"]
[EventType "swiss"]
[EventRounds "9"]
[EventCountry "IOM"]

1. d4 d5 2. c4 c6 3. Nc3 dxc4 4. Nf3 b5 5. g3 Bb7 6. Bg2 Nd7 7. O-O Ngf6 8. e4
e6 9. e5 Nd5 10. Ng5 h6 11. Nxe6 fxe6 12. Qh5+ Ke7 13. Ne4 Qe8 14. Bg5+ hxg5
15. Qxh8 Kd8 16. Nxg5 Kc7 17. Qh3 Kb6 18. Nxe6 Bc8 19. Nxf8 Nxf8 20. Qh4 Bf5
21. a4 b4 22. Rfc1 Bd3 23. Be4 Qd8 24. Qg4 Bxe4 25. Qxe4 c3 26. bxc3 Nxc3 27.
Rxc3 bxc3 28. Qd3 Kc7 29. Qxc3 Qd5 30. Rb1 Ne6 31. Qb4 Kd7 32. Qb7+ Nc7 33. Re1
Qxd4 34. e6+ Kd6 35. e7 Re8 36. Qb3 Nd5 37. Qa3+ Kd7 38. Qb3 Qb4 39. Qd1 Rxe7
40. Rxe7+ Qxe7 41. Qd4 Kd6 42. h4 c5 43. Qb2 c4 44. Qb8+ Kc5 0-1

[Event "Monarch Assurance Isle of Man 6th"]
[Site "Port Erin IOM"]
[Date "1997.10.09"]
[Round "6"]
[White "Kosten, Anthony"]
[Black "Coleman, David"]
[Result "1-0"]
[WhiteElo "2535"]
[BlackElo "2230"]
[PlyCount "77"]
[EventDate "1997.10.04"]
[EventType "swiss"]
[EventRounds "9"]
[EventCountry "IOM"]

1. g3 e5 2. c4 Nf6 3. Bg2 c6 4. d4 d6 5. Nc3 Nbd7 6. e3 Be7 7. Nge2 a5 8. O-O
O-O 9. b3 Ne8 10. e4 Bf6 11. Be3 Nc7 12. f4 Na6 13. Qd2 h6 14. Rad1 Re8 15. Kh1
exd4 16. Bxd4 Ndc5 17. Bxf6 Qxf6 18. Qxd6 Bg4 19. Qxf6 gxf6 20. Rd2 a4 21. Nc1
Bc8 22. bxa4 f5 23. e5 Be6 24. Rd4 Nb4 25. Nb3 Nxa4 26. Nxa4 Rxa4 27. Nc5 Rxa2
28. Nxb7 Nc2 29. Rd2 Bxc4 30. Rc1 Rea8 31. Nd6 Bb3 32. Bxc6 Ne3 33. Bxa8 Rxd2
34. Re1 Ng4 35. Bg2 Be6 36. Kg1 Nf2 37. Bf1 Ng4 38. Re2 Rd1 39. h3 1-0

[Event "Monarch Assurance Isle of Man 6th"]
[Site "Port Erin IOM"]
[Date "1997.10.09"]
[Round "6"]
[White "Sindik, Ervin"]
[Black "Baum, Bernd"]
[Result "0-1"]
[WhiteElo "2355"]
[BlackElo "2270"]
[PlyCount "50"]
[EventDate "1997.10.04"]
[EventType "swiss"]
[EventRounds "9"]
[EventCountry "IOM"]

1. e4 g6 2. d4 Bg7 3. Nc3 c6 4. Nf3 d6 5. Be2 b5 6. a3 Bb7 7. O-O Nd7 8. Re1
Qc7 9. Bg5 a6 10. Qd2 Ngf6 11. e5 dxe5 12. dxe5 Nd5 13. Nxd5 cxd5 14. Bd3 Nc5
15. Bf4 Ne6 16. Bh6 O-O 17. Bxg7 Kxg7 18. a4 Qc5 19. Ng5 Nd4 20. axb5 axb5 21.
Rxa8 Bxa8 22. b4 Qc6 23. Qf4 Qc3 24. Qc1 Rc8 25. Re3 Qxd3 0-1

[Event "Monarch Assurance Isle of Man 6th"]
[Site "Port Erin IOM"]
[Date "1997.10.09"]
[Round "6"]
[White "Ward, Chris"]
[Black "Liss, Eran"]
[Result "1-0"]
[WhiteElo "2485"]
[BlackElo "2540"]
[PlyCount "85"]
[EventDate "1997.10.04"]
[EventType "swiss"]
[EventRounds "9"]
[EventCountry "IOM"]

1. d4 Nf6 2. c4 g6 3. f3 d5 4. cxd5 Nxd5 5. e4 Nb6 6. Nc3 Bg7 7. Be3 O-O 8. Qd2
Nc6 9. O-O-O f5 10. h4 fxe4 11. h5 exf3 12. hxg6 hxg6 13. Nxf3 Qd6 14. Bh6 Bf5
15. Bxg7 Kxg7 16. d5 Ne5 17. Qh6+ Kf6 18. Qh4+ Kg7 19. Qh7+ Kf6 20. Qh4+ Kg7
21. Qh6+ Kf6 22. Qg5+ Kg7 23. Nxe5 Qxe5 24. g4 Qf6 25. Qh6+ Kf7 26. Qh7+ Ke8
27. gxf5 gxf5 28. Bb5+ Kd8 29. Rhf1 a6 30. Bd3 f4 31. Qe4 Nd7 32. Qe6 Nc5 33.
Qxf6 Rxf6 34. Ne4 Nxe4 35. Bxe4 Kd7 36. Kd2 Kd6 37. Kd3 Raf8 38. Bf3 Rf5 39.
Rde1 Rg8 40. Rg1 Rxg1 41. Rxg1 Re5 42. Rg6+ Kc5 43. Re6 1-0

[Event "Monarch Assurance Isle of Man 6th"]
[Site "Port Erin IOM"]
[Date "1997.10.10"]
[Round "7"]
[White "Baum, Bernd"]
[Black "Emms, John"]
[Result "0-1"]
[WhiteElo "2270"]
[BlackElo "2535"]
[PlyCount "98"]
[EventDate "1997.10.04"]
[EventType "swiss"]
[EventRounds "9"]
[EventCountry "IOM"]

1. d4 Nf6 2. Nf3 e6 3. g3 c5 4. Bg2 cxd4 5. O-O Nc6 6. Nxd4 Qb6 7. Nb3 d5 8.
Be3 Qc7 9. Nc3 Be7 10. Rc1 a6 11. Bf4 Qd8 12. Qd2 h6 13. Be3 O-O 14. Rcd1 b5
15. Bc5 Bxc5 16. Nxc5 Qe7 17. Nb3 Bb7 18. Qe3 Rac8 19. Qb6 Qc7 20. Qxc7 Rxc7
21. a3 Ne5 22. Na5 Nc4 23. Nxc4 Rxc4 24. e3 Rfc8 25. Rfe1 Kf8 26. Bf1 R4c7 27.
f4 Nd7 28. Bd3 Nc5 29. Rd2 Ke7 30. Ne2 f6 31. c3 Nxd3 32. Rxd3 e5 33. Rd2 a5
34. Kf2 Ke6 35. Ra1 g5 36. Rad1 Rc4 37. Ra1 Rg8 38. Rg1 Kf5 39. Rgd1 h5 40.
Rxd5 Bxd5 41. Rxd5 Rb8 42. Nd4+ Ke4 43. Rxb5 Rxb5 44. Nxb5 Kd3 45. fxg5 fxg5
46. b3 Re4 47. c4 Rxe3 48. c5 Re2+ 49. Kf1 Rc2 0-1

[Event "Monarch Assurance Isle of Man 6th"]
[Site "Port Erin IOM"]
[Date "1997.10.10"]
[Round "7"]
[White "Coleman, David"]
[Black "McLean, John"]
[Result "1/2-1/2"]
[WhiteElo "2230"]
[BlackElo "2120"]
[PlyCount "87"]
[EventDate "1997.10.04"]
[EventType "swiss"]
[EventRounds "9"]
[EventCountry "IOM"]

1. e4 c5 2. Nf3 d6 3. d4 cxd4 4. Nxd4 Nf6 5. Nc3 g6 6. Bg5 Bg7 7. Bb5+ Nbd7 8.
Qd2 O-O 9. O-O a6 10. Be2 Nc5 11. Bf3 Qb6 12. Nb3 Be6 13. Rfe1 Rfd8 14. Rad1
Rac8 15. h3 Ncd7 16. Nd5 Nxd5 17. exd5 Bf5 18. c3 Ne5 19. Be2 Re8 20. Nd4 Bd7
21. Be3 Qa5 22. b3 f5 23. f4 Nf7 24. Rc1 Nd8 25. Bf3 b5 26. Qf2 e5 27. dxe6
Nxe6 28. Nxe6 Bxe6 29. Bd4 Bf7 30. Bxg7 Kxg7 31. Qd4+ Kg8 32. Rxe8+ Rxe8 33.
Rc2 Qc7 34. Rd2 Qe7 35. Re2 Qd7 36. Rxe8+ Qxe8 37. Kf2 Qd8 38. Kg3 Qc7 39. Qf6
a5 40. Kh4 h6 41. Qd4 Qc5 42. Kg3 Qxd4 43. cxd4 b4 44. Bc6 1/2-1/2

[Event "Monarch Assurance Isle of Man 6th"]
[Site "Port Erin IOM"]
[Date "1997.10.10"]
[Round "7"]
[White "Cooper, Lawrence"]
[Black "Gallagher, Joe"]
[Result "0-1"]
[WhiteElo "2330"]
[BlackElo "2545"]
[PlyCount "98"]
[EventDate "1997.10.04"]
[EventType "swiss"]
[EventRounds "9"]
[EventCountry "IOM"]

1. e4 c5 2. Nf3 e6 3. d4 cxd4 4. Nxd4 Nf6 5. Nc3 d6 6. g4 Nc6 7. g5 Nd7 8. Be3
Be7 9. h4 O-O 10. Qd2 Nde5 11. Be2 Nxd4 12. Qxd4 a6 13. O-O-O b5 14. h5 Nc6 15.
Qd2 Qa5 16. a3 b4 17. Nb1 Bb7 18. Bd3 Rac8 19. f4 bxa3 20. bxa3 d5 21. Qxa5
Nxa5 22. exd5 Bxd5 23. Rh2 Rc6 24. Kd2 Rfc8 25. Bd4 Nc4+ 26. Bxc4 Rxc4 27. c3
f6 28. gxf6 gxf6 29. Rg1+ Kf7 30. h6 Be4 31. Ke3 Bg6 32. Nd2 Rxc3+ 33. Bxc3
Rxc3+ 34. Ke2 Rxa3 35. f5 exf5 36. Rh4 f4 37. Rxf4 Bh5+ 38. Kf1 Ra1+ 39. Kg2
Ra2 40. Rd4 Bc5 41. Rd7+ Ke6 42. Rd3 Bxg1 43. Kxg1 Bg6 44. Re3+ Kd5 45. Nf1 a5
46. Rg3 Be4 47. Ne3+ Kd4 48. Ng4 a4 49. Nxf6 Rg2+ 0-1

[Event "Monarch Assurance Isle of Man 6th"]
[Site "Port Erin IOM"]
[Date "1997.10.10"]
[Round "7"]
[White "Hebden, Mark"]
[Black "Donaldson, John W"]
[Result "1-0"]
[WhiteElo "2575"]
[BlackElo "2405"]
[PlyCount "103"]
[EventDate "1997.10.04"]
[EventType "swiss"]
[EventRounds "9"]
[EventCountry "IOM"]

1. d4 d5 2. c4 c6 3. Nf3 Nf6 4. e3 Bf5 5. cxd5 cxd5 6. Qb3 Qc7 7. Bb5+ Nc6 8.
Ne5 Bd7 9. Nc3 e6 10. f4 Be7 11. Bd2 O-O 12. Rc1 Rfc8 13. O-O Qd8 14. Bd3 Na5
15. Qd1 Nc4 16. Nxc4 dxc4 17. Bb1 Bc6 18. f5 Qc7 19. fxe6 fxe6 20. Be1 Rf8 21.
Bh4 b5 22. a3 Rad8 23. Qe2 g6 24. Rcd1 Nd5 25. Bxe7 Nxc3 26. bxc3 Qxe7 27. a4
a6 28. axb5 axb5 29. Qg4 Kg7 30. Qg3 Qd6 31. Qg5 Qd5 32. Qe7+ Kg8 33. e4 Qd7
34. Qc5 Qb7 35. Qe5 Qe7 36. h4 Bd7 37. h5 Qg7 38. Qc5 gxh5 39. Qxh5 h6 40. e5
Bc6 41. Bg6 Rxf1+ 42. Rxf1 Rf8 43. Rxf8+ Kxf8 44. Kf2 Kg8 45. Qg4 Bd5 46. Ke3
Kh8 47. g3 b4 48. cxb4 Qa7 49. Qf4 Qa3+ 50. Ke2 Qb2+ 51. Qd2 Bf3+ 52. Ke3 1-0

[Event "Monarch Assurance Isle of Man 6th"]
[Site "Port Erin IOM"]
[Date "1997.10.10"]
[Round "7"]
[White "Liss, Eran"]
[Black "Kosten, Anthony"]
[Result "1/2-1/2"]
[WhiteElo "2540"]
[BlackElo "2535"]
[PlyCount "59"]
[EventDate "1997.10.04"]
[EventType "swiss"]
[EventRounds "9"]
[EventCountry "IOM"]

1. e4 e5 2. Nf3 d6 3. d4 exd4 4. Nxd4 Nf6 5. Nc3 Be7 6. Bc4 O-O 7. Bb3 Na6 8.
O-O Nc5 9. Re1 Re8 10. Bf4 c6 11. Qf3 a5 12. h3 Qb6 13. Rad1 a4 14. Bc4 Qb4 15.
b3 axb3 16. cxb3 Ne6 17. Bxe6 Bxe6 18. Nc2 Qc5 19. b4 Qh5 20. Qxh5 Nxh5 21.
Bxd6 Bxd6 22. Rxd6 Bxa2 23. Rd7 b5 24. Rc7 Bc4 25. Rxc6 Nf4 26. Rb6 g6 27. Nxb5
Bxb5 28. Rxb5 Ra2 29. Nd4 Nd3 30. Re2 1/2-1/2

[Event "Monarch Assurance Isle of Man 6th"]
[Site "Port Erin IOM"]
[Date "1997.10.10"]
[Round "7"]
[White "Rausis, Igors"]
[Black "Lalic, Bogdan"]
[Result "1/2-1/2"]
[WhiteElo "2490"]
[BlackElo "2600"]
[PlyCount "28"]
[EventDate "1997.10.04"]
[EventType "swiss"]
[EventRounds "9"]
[EventCountry "IOM"]

1. Nf3 Nf6 2. c4 g6 3. g3 Bg7 4. Bg2 d5 5. cxd5 Nxd5 6. d4 Nb6 7. O-O Nc6 8. e3
e5 9. Nxe5 Nxe5 10. dxe5 Qxd1 11. Rxd1 Bxe5 12. Nc3 O-O 13. e4 c6 14. Bh6 Bg7
1/2-1/2